[Event "Open Duras BVK FIDE"]
[Site "Brno CZE"]
[Date "2009.06.28"]
[Round "3"]
[White "Martisek,K"]
[Black "Mlynek,P"]
[Result "0-1"]
[WhiteElo "1888"]
[BlackElo "2217"]
[EventDate "2009.06.26"]

1. e4 c6 2. d4 d5 3. exd5 cxd5 4. Nf3 Nc6 5. Be2 Nf6 6. O-O Bf5 7. c4 e6 8.
Nc3 Be7 9. cxd5 Nxd5 10. Qb3 Qb6 11. Qxb6 Nxb6 12. Bb5 O-O 13. Bxc6 bxc6
14. Be3 Rfd8 15. Ne5 Rac8 16. g4 Bg6 17. Nxg6 hxg6 18. b3 Nd5 19. Nxd5 cxd5
20. Rac1 Ba3 21. Rxc8 Rxc8 22. Rd1 Rc2 23. Rd2 Rc1+ 24. Kg2 Kf8 25. g5 Ke8
26. Bf4 f6 27. h4 Kd7 28. f3 Rc3 29. Rd1 Rc2+ 30. Rd2 Rxd2+ 31. Bxd2 Bb2
32. Be3 a6 33. Kf2 e5 34. dxe5 fxe5 35. Bc5 Ke6 36. Bf8 Bd4+ 37. Ke2 e4 38.
fxe4 dxe4 39. b4 Kf5 40. a4 Ke6 41. b5 axb5 42. axb5 Kd5 43. Bb4 Kc4 44.
Bd2 Kxb5 45. Be3 Kc4 46. Bf4 Kd5 47. Bg3 Ke6 48. Be1 Kf5 49. Bg3 Kg4 50.
Be1 Bg1 51. Kf1 Bh2 52. Kg2 Bf4 53. Bf2 Bd2 54. Bg3 e3 55. Bd6 0-1

[Event "Open Duras BVK FIDE"]
[Site "Brno CZE"]
[Date "2009.06.28"]
[Round "3"]
[White "Pokorny,P"]
[Black "Petruska,M"]
[Result "1-0"]
[WhiteElo "2198"]
[BlackElo "1901"]
[EventDate "2009.06.26"]

1. d4 Nf6 2. Bg5 h6 3. Bxf6 exf6 4. e4 c5 5. Nf3 Nc6 6. Nc3 cxd4 7. Nxd4
Qb6 8. Nb3 Bb4 9. Qd2 O-O 10. Bc4 f5 11. O-O fxe4 12. Rae1 Bxc3 13. Qxc3
Qb4 14. Rxe4 Qxc3 15. bxc3 d6 16. Nd4 Bd7 17. Nb5 Ne5 18. Be2 Bxb5 19. Bxb5
a6 20. Be2 Rac8 21. f4 f5 22. Rd4 Nf7 23. Rf3 Rfd8 1-0

[Event "Open Duras BVK FIDE"]
[Site "Brno CZE"]
[Date "2009.06.28"]
[Round "3"]
[White "Cihal,J"]
[Black "Kratochvil,K"]
[Result "0-1"]
[WhiteElo "1881"]
[BlackElo "2113"]
[EventDate "2009.06.26"]

1. e4 c5 2. Nc3 Nc6 3. f4 g6 4. Nf3 Bg7 5. Bc4 e6 6. O-O Nge7 7. Qe1 O-O 8.
d3 d5 9. Bb3 Nd4 10. Qh4 b5 11. exd5 exd5 12. Re1 Ndf5 13. Qf2 c4 14. Nxb5
cxb3 15. axb3 Bd7 16. Nc3 Be6 17. g4 Nd6 18. Qh4 Nc6 19. Qg3 Nd4 20. Nxd4
Bxd4+ 21. Kh1 Bg7 22. f5 Bc8 23. Bf4 Nb7 24. Na4 Bd7 25. Bc7 Qf6 26. Be5
Qc6 27. d4 f6 28. Bf4 gxf5 29. Re7 fxg4 30. Rae1 Rae8 31. c3 Rxe7 32. Rxe7
Rf7 33. Re1 Bf5 34. Kg1 Rf8 35. Be3 Re8 36. Qf4 Bd7 37. Rd1 Qd6 38. Qxd6
Nxd6 39. Bf4 Bxa4 40. Ra1 Bxb3 41. Bxd6 Bc4 42. Rxa7 Re1+ 43. Kf2 Rf1+ 44.
Kg2 f5 45. Rc7 Bd3 46. Rc5 Rf3 47. h3 Bf1+ 48. Kg1 Bxh3 49. Rxd5 g3 50.
Bxg3 Rxg3+ 51. Kh2 f4 52. Rh5 Bg4 53. Rc5 Rh3+ 54. Kg2 f3+ 55. Kg1 Bf6 0-1

[Event "Open Duras BVK FIDE"]
[Site "Brno CZE"]
[Date "2009.06.28"]
[Round "3"]
[White "Majer,J"]
[Black "Kalod,M"]
[Result "1-0"]
[WhiteElo "2285"]
[BlackElo "1879"]
[EventDate "2009.06.26"]

1. d4 Nf6 2. Nf3 g6 3. Bf4 Bg7 4. e3 c5 5. c3 cxd4 6. exd4 d6 7. h3 O-O 8.
Bd3 Be6 9. O-O b5 10. Bxb5 Qb6 11. Qe2 Nd5 12. Bg3 Nc7 13. Bd3 Nd7 14. Na3
Rfe8 15. Nc4 Qb7 16. Ne3 Rab8 17. b3 Nf6 18. Nd2 Ncd5 19. Rac1 Rbc8 20. Ba6
Qa8 21. Bxc8 Rxc8 22. c4 Nc7 23. Qf3 Qb8 24. Bh2 a5 25. Rfd1 Qa7 26. Ne4
Nfe8 27. d5 Bd7 28. c5 f5 29. c6 Bxc6 30. Rxc6 fxe4 31. Qxe4 Bf8 32. Rdc1
Rb8 33. Qg4 Rb4 34. Qd7 Rb7 35. Bf4 Nf6 36. Qd8 Nce8 37. Bg5 Rd7 38. Qb6
Kf7 39. Qxa7 Rxa7 40. R1c4 h6 41. Bxf6 Kxf6 42. Rf4+ Kg7 43. Rc8 Nf6 44.
Ng4 h5 45. Nxf6 exf6 46. Rfc4 Kg8 47. R4c7 Ra6 48. Rb7 a4 49. Rbb8 1-0

[Event "Open Duras BVK FIDE"]
[Site "Brno CZE"]
[Date "2009.06.28"]
[Round "3"]
[White "Zavadil,M"]
[Black "Vitula,J"]
[Result "1-0"]
[WhiteElo "2039"]
[BlackElo "1864"]
[EventDate "2009.06.26"]

1. d4 Nf6 2. c4 g6 3. Nc3 Bg7 4. e4 d6 5. Nf3 O-O 6. Be2 c5 7. d5 e6 8. O-O
exd5 9. cxd5 Re8 10. Qc2 Bg4 11. h3 Bxf3 12. Bxf3 Nbd7 13. a4 a6 14. Be3 b6
15. Rad1 Re7 16. Rfe1 Qe8 17. g4 Qb8 18. g5 Ne8 19. Be2 Bh8 20. f4 Ng7 21.
Bg4 f6 22. h4 Qc7 23. Qg2 f5 24. exf5 Nxf5 25. Bf2 Rae8 26. Bxf5 gxf5 27.
Qh3 Rxe1+ 28. Rxe1 Rf8 29. Qe3 Rf7 30. Kh2 Nf8 31. Qd3 Qc8 32. h5 Rg7 33.
Bh4 Rf7 34. Re2 c4 35. Qd2 Qb7 36. Bf2 b5 37. axb5 axb5 38. Na2 Re7 39. Nb4
c3 40. bxc3 Rxe2 41. Qxe2 Bxc3 42. Nc6 b4 43. Ne7+ Kh8 44. Qe3 Be5 45. Nxf5
b3 46. fxe5 b2 47. e6 b1=Q 48. Qd4+ Kg8 49. Nh6+ 1-0

[Event "Open Duras BVK FIDE"]
[Site "Brno CZE"]
[Date "2009.06.28"]
[Round "3"]
[White "Balkova,A"]
[Black "Balazec,L"]
[Result "1/2-1/2"]
[WhiteElo "1866"]
[BlackElo "2032"]
[EventDate "2009.06.26"]

1. e4 c5 2. Nf3 a6 3. d4 cxd4 4. Nxd4 Nf6 5. Nc3 e5 6. Nb3 Bb4 7. Bg5 h6 8.
Bxf6 Qxf6 9. Qd3 Nc6 10. a3 Bxc3+ 11. Qxc3 O-O 12. Qf3 Qxf3 13. gxf3 b5 14.
Rd1 Rd8 15. Rd6 Kf8 16. Bh3 Ke7 17. Rd3 d6 18. Bxc8 Raxc8 19. c3 a5 20. Ke2
a4 21. Na1 Na5 22. Nc2 Nc4 23. Rb1 g6 24. Nb4 f5 25. Nd5+ Kf7 26. Rdd1 Na5
27. Ke3 Nb3 28. Rg1 Rg8 29. Rg2 Nc5 30. Rbg1 f4+ 31. Kd2 g5 32. Nb6 Rcd8
33. Nd5 Ne6 34. h3 Rdf8 35. Rg4 Ke8 36. R4g2 Kd8 37. h4 Rg7 38. h5 Kd7 39.
Kd3 Nc5+ 40. Kd2 Nb3+ 41. Kd3 Na5 42. Rg4 Kc6 43. Nb4+ Kb7 44. Nd5 Rd7 45.
Rb1 Nb3 46. Rbg1 Nc5+ 47. Kd2 Ne6 48. Rh1 Nc7 49. Nxc7 Kxc7 50. Ke2 d5 51.
Rd1 Rfd8 52. Rgg1 d4 53. cxd4 exd4 54. Rc1+ Kb6 55. Kd3 Rd6 56. Rc2 1/2-1/2

[Event "Open Duras BVK FIDE"]
[Site "Brno CZE"]
[Date "2009.06.28"]
[Round "3"]
[White "Zabensky,J"]
[Black "Zemanek,J"]
[Result "1-0"]
[WhiteElo "1999"]
[BlackElo "1846"]
[EventDate "2009.06.26"]

1. e4 c5 2. Nc3 d6 3. f4 e6 4. Nf3 a6 5. g3 Qc7 6. Bg2 Nf6 7. d3 Nc6 8. O-O
Be7 9. h3 O-O 10. Ne2 b5 11. g4 Bb7 12. Ng3 Nd7 13. g5 f5 14. gxf6 Bxf6 15.
f5 exf5 16. Nxf5 Nce5 17. Ng5 Bxg5 18. Bxg5 Nf6 19. Nh6+ Kh8 20. Bxf6 Rxf6
21. Rxf6 gxf6 22. Qh5 Rf8 23. Rf1 Bc8 24. Nf5 Rg8 25. Qh6 Ng6 26. Kh1 Bxf5
27. exf5 Ne5 28. Qxf6+ Qg7 29. Qxg7+ Kxg7 30. Bd5 Rf8 31. Be6 Kf6 32. Rf4
h5 33. Kg2 b4 34. Kf2 a5 35. Ke3 Re8 36. Ke4 Ng6 37. Rf1 Ne7 38. Kf4 a4 39.
Bd7 Nd5+ 40. Kf3 Nc7 41. Rg1 a3 42. b3 Rf8 43. Ke4 Rf7 44. Rg6+ Ke7 45. Be6
Rh7 46. Bc4 Ne8 47. Re6+ Kd8 48. Bb5 Re7 49. Bxe8 Rxe8 50. Rxe8+ Kxe8 51.
Kd5 Ke7 52. f6+ 1-0

[Event "Open Duras BVK FIDE"]
[Site "Brno CZE"]
[Date "2009.06.28"]
[Round "3"]
[White "Strnad,O"]
[Black "Hruska,V"]
[Result "0-1"]
[WhiteElo "1761"]
[BlackElo "1985"]
[EventDate "2009.06.26"]

1. d4 e6 2. c4 f5 3. Nc3 Nf6 4. g3 Be7 5. Bg2 O-O 6. Nf3 Ne4 7. O-O Bf6 8.
Bf4 c5 9. Be5 d6 10. Bxf6 Qxf6 11. Nxe4 fxe4 12. Nd2 d5 13. cxd5 exd5 14.
Nb3 c4 15. Nc5 Nc6 16. e3 b6 17. Na4 Be6 18. Nc3 Nb4 19. b3 Rac8 20. f3 Qg5
21. Qd2 exf3 22. Rxf3 Rxf3 23. Bxf3 Rf8 24. Rf1 h5 25. bxc4 dxc4 26. Ne4
Qe7 27. Qe2 b5 28. Nc5 Bh3 29. Bg2 Bg4 30. Bf3 Rxf3 31. Rxf3 Nxa2 32. Qf2
Bxf3 33. Qxf3 Qf7 34. Qe2 Nc3 35. Qd2 b4 36. e4 Qf3 0-1

[Event "Open Duras BVK FIDE"]
[Site "Brno CZE"]
[Date "2009.06.28"]
[Round "3"]
[White "Kosina,V"]
[Black "Kuchynka,Lub"]
[Result "0-1"]
[WhiteElo "1905"]
[BlackElo "2050"]
[EventDate "2009.06.26"]

1. e4 c5 2. Nf3 d6 3. Bc4 Nc6 4. c3 Nf6 5. d3 g6 6. Bb3 Bg7 7. h3 O-O 8.
Qe2 a5 9. Nbd2 Nd7 10. O-O b5 11. Re1 b4 12. cxb4 cxb4 13. Nf1 Ba6 14. Qd1
Nde5 15. Bc2 Nxf3+ 16. Qxf3 Nd4 17. Qd1 Rc8 18. Ba4 Ne6 19. Nh2 Nc5 20. Bc2
Qc7 21. Bb1 Qb7 22. d4 Ne6 23. Nf3 Rc7 24. a3 Rfc8 25. Be3 b3 26. Kh2 a4
27. Qd2 Qb5 28. Qb4 h6 29. g3 Qc4 30. Qd2 Kh7 31. h4 h5 32. Kg2 Qb5 33. Rd1
Qe2 34. Ng5+ Nxg5 35. Bxg5 Qxd2 36. Rxd2 f6 37. Be3 Rc1 38. d5 Bh6 39. f4
Re1 40. Bf2 Rf1 41. Bd3 Rxa1 42. Bxa6 Rc2 43. Be3 Rb1 44. Kf3 Rxd2 45. Bxd2
Rxb2 46. Be3 Ra2 47. Bd3 Rxa3 48. Bc1 b2 49. Bxb2 Rxd3+ 50. Ke2 Rb3 51. Bc1
a3 52. Bxa3 Rxa3 53. Kf2 g5 54. hxg5 fxg5 55. fxg5 Bxg5 56. Kg2 Kg6 57. Kh2
Kf6 58. Kh3 Ke5 59. Kg2 Kxe4 60. Kh2 Kf3 61. Kh3 Ra2 0-1

[Event "Open Duras BVK FIDE"]
[Site "Brno CZE"]
[Date "2009.06.28"]
[Round "3"]
[White "Turza,P"]
[Black "Markovic,Iv CZE"]
[Result "0-1"]
[WhiteElo "1837"]
[BlackElo "2194"]
[EventDate "2009.06.26"]

1. Nf3 Nf6 2. d3 d5 3. Nbd2 c5 4. e4 e6 5. Be2 Nc6 6. c3 Be7 7. Qc2 Qc7 8.
Nf1 O-O 9. Ng3 b6 10. h4 Bb7 11. Bd2 Rac8 12. Qc1 Bd6 13. Bg5 Bxg3 14. fxg3
Qxg3+ 15. Kd1 dxe4 16. Bxf6 exf3 17. gxf3 gxf6 18. Qe3 Qe5 19. Qh6 Kh8 20.
Kd2 Rg8 21. Rag1 Rg6 22. Rxg6 fxg6 23. f4 Qf5 24. Rg1 Ne7 25. Bg4 Ng8 26.
Bxf5 exf5 27. Rxg6 Nxh6 28. Rxh6 Rf8 29. Rh5 Bc8 30. d4 cxd4 31. cxd4 Kg7
0-1

[Event "Open Duras BVK FIDE"]
[Site "Brno CZE"]
[Date "2009.06.28"]
[Round "3"]
[White "Stanek,S"]
[Black "Milfort,V"]
[Result "1-0"]
[WhiteElo "2075"]
[BlackElo "1731"]
[EventDate "2009.06.26"]

1. d4 d5 2. Bf4 e6 3. e3 Bd6 4. Bg3 Nf6 5. Bd3 Nc6 6. Nf3 Bxg3 7. hxg3 h6
8. c3 Bd7 9. Nbd2 Qe7 10. b4 a6 11. a4 O-O 12. Ne5 Nxe5 13. dxe5 Ne8 14.
Qg4 Kh8 15. Nb3 b6 16. a5 Bb5 17. Bxb5 axb5 18. Qd4 f6 19. O-O fxe5 20.
Qxe5 Qf6 21. Qxf6 Nxf6 22. axb6 cxb6 23. Nd4 Ne4 24. Rxa8 Rxa8 25. Nxb5 Rc8
26. Kh2 Kg8 27. f3 Nd2 28. Re1 Kf8 29. g4 Ke7 30. Re2 Nc4 31. e4 dxe4 32.
Rxe4 Nb2 33. Re2 Nd3 34. Nd4 Nf4 35. Re4 g5 36. c4 Ra8 37. g3 Ra2+ 38. Kg1
Rg2+ 39. Kf1 Rxg3 40. Nf5+ 1-0

[Event "Open Duras BVK FIDE"]
[Site "Brno CZE"]
[Date "2009.06.28"]
[Round "3"]
[White "Schuster,P"]
[Black "Zikan,K"]
[Result "1/2-1/2"]
[WhiteElo "1918"]
[BlackElo "1816"]
[EventDate "2009.06.26"]

1. e4 c6 2. d4 d5 3. Nc3 dxe4 4. Nxe4 Nd7 5. Bc4 Ngf6 6. Nxf6+ Nxf6 7. Nf3
Bf5 8. c3 e6 9. Bg5 Be7 10. O-O O-O 11. Ne5 Nd7 12. Bxe7 Qxe7 13. Qe2 Nxe5
14. Qxe5 Rfd8 15. Rfe1 Qd6 16. f3 Qxe5 17. Rxe5 Rac8 18. Rae1 Kf8 19. Kf2
h6 20. g4 Bh7 21. f4 Rc7 22. R1e3 b6 23. Bb3 Rdc8 24. Rg3 c5 25. d5 exd5
26. Bxd5 f6 27. Re1 Bg8 1/2-1/2

[Event "Open Duras BVK FIDE"]
[Site "Brno CZE"]
[Date "2009.06.28"]
[Round "3"]
[White "Kukla,T"]
[Black "Nemec,M"]
[Result "0-1"]
[WhiteElo "1851"]
[BlackElo "1913"]
[EventDate "2009.06.26"]

1. d4 Nf6 2. Nf3 g6 3. Bg5 Bg7 4. Nbd2 O-O 5. e4 d6 6. c3 h6 7. Bh4 Nc6 8.
Be2 g5 9. Bg3 Nh5 10. O-O e6 11. h3 Nxg3 12. fxg3 e5 13. dxe5 Nxe5 14. Nc4
Nxf3+ 15. Bxf3 Be6 16. Ne3 Qd7 17. Bg4 Bxg4 18. Nxg4 Qe6 19. Qf3 Rae8 20.
e5 dxe5 21. Qxb7 Qb6+ 22. Qxb6 cxb6 23. Nf6+ Bxf6 24. Rxf6 Kg7 25. Rc6 Rc8
26. Rxc8 Rxc8 27. Rd1 Rc7 28. g4 f6 29. Kf2 Kf7 30. Rd8 Kg6 31. Rg8+ Rg7
32. Rxg7+ Kxg7 33. Kf3 Kf7 34. Ke4 Ke6 35. b3 Kd6 36. c4 Kc5 37. g3 Kb4 38.
h4 a5 39. hxg5 hxg5 40. Kd3 Ka3 41. Kc3 Kxa2 0-1

[Event "Open Duras BVK FIDE"]
[Site "Brno CZE"]
[Date "2009.06.28"]
[Round "3"]
[White "Blahynka,M"]
[Black "Zavadilova,K"]
[Result "0-1"]
[WhiteElo "1873"]
[BlackElo "1713"]
[EventDate "2009.06.26"]

1. e4 e5 2. Nf3 Nc6 3. Bb5 a6 4. Ba4 Nf6 5. O-O Nxe4 6. d4 b5 7. Bb3 d5 8.
dxe5 Be6 9. Be3 Nc5 10. Nc3 Nxb3 11. cxb3 Be7 12. Ne2 O-O 13. Rc1 Qd7 14.
Ned4 Nxd4 15. Nxd4 c5 16. Nxe6 Qxe6 17. Bxc5 Bxc5 18. Rxc5 Qxe5 19. Qxd5
Qxb2 20. Rc7 Qf6 21. Re1 Rae8 22. Rxe8 Qa1+ 0-1

[Event "Open Duras BVK FIDE"]
[Site "Brno CZE"]
[Date "2009.06.28"]
[Round "3"]
[White "Drab,T"]
[Black "Mouryc,T"]
[Result "0-1"]
[WhiteElo "1889"]
[BlackElo "1992"]
[EventDate "2009.06.26"]

1. e4 d5 2. exd5 Qxd5 3. Nc3 Qa5 4. d4 c6 5. Bc4 Bf5 6. Bd2 e6 7. Nge2 Nf6
8. Ng3 Bg6 9. h4 h6 10. Nd5 Qd8 11. Nf4 Bh7 12. Qe2 Nd5 13. O-O-O Nxf4 14.
Bxf4 Bd6 15. Be5 Bxe5 16. dxe5 Qe7 17. Nh5 O-O 18. Qg4 Bg6 19. Rh3 Bxh5 20.
Qxh5 Qc5 21. Rg3 Kh8 22. Bd3 Nd7 23. f4 Rad8 24. Qg4 Rg8 25. Qe2 Qb4 26. f5
exf5 27. Bxf5 Qf4+ 0-1

[Event "Open Duras BVK FIDE"]
[Site "Brno CZE"]
[Date "2009.06.28"]
[Round "3"]
[White "Docekal,A"]
[Black "Rezny,F"]
[Result "0-1"]
[WhiteElo "1714"]
[BlackElo "1665"]
[EventDate "2009.06.26"]

1. e3 e5 2. c4 Nf6 3. Nc3 Nc6 4. d4 exd4 5. exd4 d5 6. c5 Be7 7. Nf3 O-O 8.
Be2 b6 9. cxb6 axb6 10. O-O Bf5 11. Bf4 Nh5 12. Ne5 Nxf4 13. Nxc6 Qd6 14.
Nxe7+ Qxe7 15. Bf3 c6 16. Qd2 Qg5 17. Rad1 Bh3 18. Ne2 Nxe2+ 19. Qxe2 Rxa2
20. Rc1 Bd7 21. Qc2 Qf6 22. Qb3 Raa8 23. Qxb6 Rab8 24. Qc7 Rfd8 25. Rc2
Qxd4 26. Rd1 Qa4 27. Rcd2 Rbc8 28. Qe5 Re8 29. Qc3 Rb8 30. h3 Bxh3 31. Bxd5
cxd5 32. Qxh3 Rxb2 33. Rxd5 Rbe2 34. Rd8 Qe4 35. Qd7 Kf8 36. Qd6+ Qe7 37.
Qxe7+ R2xe7 38. R8d2 Re1+ 39. Rxe1 Rxe1+ 40. Kh2 g5 41. Kg3 Kg7 42. Kg4 Kg6
43. Rd6+ f6 44. Rd8 h5+ 45. Kg3 Kf5 46. Rd5+ Re5 47. Rd3 h4+ 48. Kh3 Re2
49. Rf3+ Kg6 50. g3 f5 51. Rc3 Rxf2 52. gxh4 g4+ 53. Kg3 Rf1 54. Kg2 Re1
55. Rc6+ Kh5 56. Kg3 Re4 57. Rc5 Re3+ 58. Kg2 Rf3 59. Rc8 Kxh4 60. Rh8+ Kg5
61. Rg8+ Kf4 62. Re8 Re3 63. Rd8 Re2+ 0-1

[Event "Open Duras BVK FIDE"]
[Site "Brno CZE"]
[Date "2009.06.29"]
[Round "4"]
[White "Cagasik,T"]
[Black "Mlensky,D"]
[Result "1/2-1/2"]
[WhiteElo "2259"]
[BlackElo "2093"]
[EventDate "2009.06.26"]

1. e4 d5 2. exd5 Qxd5 3. Nc3 Qa5 4. Bc4 Nf6 5. d3 c6 6. Qe2 Nbd7 7. Bd2 Qh5
8. Qxh5 Nxh5 9. Nf3 b5 10. Bb3 Nc5 11. Ne5 Nxb3 12. axb3 Bb7 13. O-O Nf6
14. Be3 a6 15. Bc5 e6 16. b4 Bxc5 17. bxc5 Ke7 18. g4 Rhd8 19. g5 Ne8 20.
Rfe1 f6 21. Nf3 Bc8 22. Re3 Kf8 23. d4 Nc7 24. Ne4 Nd5 25. Ree1 Nb4 26. Re2
e5 27. gxf6 exd4 28. fxg7+ Kxg7 29. Nd6 Bg4 30. Re7+ Kf8 31. Rf7+ Kg8 32.
Ne5 Nxc2 33. Ne4 Bf5 34. Rxf5 Nxa1 35. Rf7 Kh8 36. Ng6+ Kg8 37. Ne5 Kh8 38.
Ng6+ Kg8 39. Ne5 Kh8 40. Nf6 Rg8+ 41. Nxg8 Rxg8+ 42. Kf1 Nb3 43. Rd7 Nd2+
44. Ke2 Re8 1/2-1/2

[Event "Open Duras BVK FIDE"]
[Site "Brno CZE"]
[Date "2009.06.29"]
[Round "4"]
[White "Mlynek,P"]
[Black "Sladek,Vl"]
[Result "1/2-1/2"]
[WhiteElo "2217"]
[BlackElo "2075"]
[EventDate "2009.06.26"]

1. d4 d5 2. c4 e5 3. dxe5 d4 4. Nf3 Nc6 5. g3 Nge7 6. Bg2 Ng6 7. Bf4 h6 8.
a3 Bf5 9. Nbd2 Qd7 10. Qa4 Be7 11. Qb5 O-O 12. h4 Rfd8 13. h5 a6 14. Qb3
Na5 15. Qa2 Nxf4 16. gxf4 c5 17. Nh4 Bxh4 18. Rxh4 Rab8 19. Rc1 b5 20. b3
Rb6 1/2-1/2

[Event "Open Duras BVK FIDE"]
[Site "Brno CZE"]
[Date "2009.06.29"]
[Round "4"]
[White "Smistik,M"]
[Black "Jurka,M"]
[Result "1-0"]
[WhiteElo "2311"]
[BlackElo "2309"]
[EventDate "2009.06.26"]

1. e4 c5 2. Nf3 d6 3. d4 cxd4 4. Nxd4 Nf6 5. Nc3 Nc6 6. Bg5 e6 7. Qd2 Be7
8. O-O-O Nxd4 9. Qxd4 a6 10. f4 b5 11. Bxf6 gxf6 12. e5 d5 13. Be2 b4 14.
Ne4 fxe5 15. Qxe5 O-O 16. Rd3 f6 17. Qh5 Rf7 18. Rg3+ Rg7 19. Rd1 Rxg3 20.
hxg3 Ra7 21. Nf2 f5 22. g4 Bd6 23. Nd3 fxg4 24. Bxg4 Rg7 25. Bf3 Qf6 26.
Qe8+ Qf8 27. Qxf8+ Kxf8 28. Ne5 Rc7 29. Kd2 Kg7 30. Rh1 a5 31. Be2 Kf6 32.
Rh6+ Kf5 33. g3 Bxe5 34. Rh5+ Kf6 35. fxe5+ Kg6 36. Rh4 Kf5 37. Rh5+ Kg6
38. g4 h6 39. Bd3+ Kg7 40. g5 hxg5 41. Rh7+ 1-0

[Event "Open Duras BVK FIDE"]
[Site "Brno CZE"]
[Date "2009.06.29"]
[Round "4"]
[White "Zavadil,M"]
[Black "Meszaros,Lu"]
[Result "1-0"]
[WhiteElo "2039"]
[BlackElo "2218"]
[EventDate "2009.06.26"]

1. d4 Nf6 2. c4 e6 3. Nc3 Bb4 4. e3 O-O 5. Nge2 Re8 6. a3 Bf8 7. e4 e5 8.
d5 h6 9. Ng3 Bc5 10. Be2 d6 11. O-O c6 12. Qd3 a5 13. b3 Na6 14. Be3 Bxe3
15. Qxe3 Nc5 16. Rab1 a4 17. b4 Nb3 18. Nxa4 Nd4 19. Bd1 b5 20. Nc3 Rxa3
21. dxc6 Nxc6 22. Qc1 Ra8 23. Nxb5 Be6 24. c5 dxc5 25. bxc5 Qa5 26. Be2
Reb8 27. Ra1 Qb4 28. Rxa8 Rxa8 29. Nc7 Ra4 30. Bb5 Ra5 31. Bxc6 Bc4 32. Rd1
Rxc5 33. Qa1 Rxc6 34. Qa8+ Kh7 35. Qxc6 1-0

[Event "Open Duras BVK FIDE"]
[Site "Brno CZE"]
[Date "2009.06.29"]
[Round "4"]
[White "Hruska,V"]
[Black "Pokorny,P"]
[Result "0-1"]
[WhiteElo "1985"]
[BlackElo "2198"]
[EventDate "2009.06.26"]

1. e4 c5 2. Nf3 d6 3. d4 cxd4 4. Nxd4 Nf6 5. Nc3 a6 6. Bg5 e6 7. f4 Qb6 8.
Nb3 Be7 9. Qf3 Nc6 10. O-O-O Qc7 11. f5 O-O 12. g4 b5 13. Bf4 b4 14. g5
bxc3 15. gxf6 cxb2+ 16. Kb1 Bxf6 17. Bxd6 Ne5 18. Qg3 Rd8 0-1

[Event "Open Duras BVK FIDE"]
[Site "Brno CZE"]
[Date "2009.06.29"]
[Round "4"]
[White "Martisek,K"]
[Black "Kredl,K"]
[Result "1/2-1/2"]
[WhiteElo "1888"]
[BlackElo "2103"]
[EventDate "2009.06.26"]

1. e4 e6 2. d4 d5 3. exd5 exd5 4. Nf3 Nf6 5. Be2 Bd6 6. O-O O-O 7. Re1 Bg4
8. h3 Bh5 9. Be3 c6 10. Nbd2 Nbd7 11. c4 Re8 12. c5 Bc7 13. b4 Ne4 14. Nxe4
dxe4 15. Nd2 Bg6 16. a4 Nf6 17. Bc4 Nd5 18. Bxd5 Qxd5 19. Qb3 Qh5 20. Qc4
Bf5 21. Qe2 Qh4 22. f4 Bxf4 23. Bxf4 Qxf4 24. Rf1 Qg5 25. h4 Qd8 26. Qe3
Bg6 27. Nc4 Qxh4 28. Nd6 Re6 29. b5 Qe7 30. bxc6 bxc6 31. Rab1 Rxd6 32.
cxd6 Qxd6 33. Rb7 h6 34. Rc1 Qd5 35. Rc7 Qa5 36. R7xc6 Qxa4 37. d5 Rd8 38.
Rc8 Rxc8 39. Rxc8+ Kh7 40. Qc5 Qd1+ 41. Kh2 Bf5 42. Rc7 e3 43. Qxe3 Qxd5
44. Rxa7 h5 45. Re7 Bg6 46. Re5 Qd6 47. Qf4 Qd8 48. Re3 Qd7 49. Re5 Qc8 50.
Re3 1/2-1/2

[Event "Open Duras BVK FIDE"]
[Site "Brno CZE"]
[Date "2009.06.29"]
[Round "4"]
[White "Vesely,Ja"]
[Black "Kubicek,P"]
[Result "0-1"]
[WhiteElo "2046"]
[BlackElo "1982"]
[EventDate "2009.06.26"]

1. Nf3 d5 2. d4 Nf6 3. c4 c6 4. e3 Bg4 5. Nc3 e6 6. h3 Bxf3 7. Qxf3 Nbd7 8.
cxd5 exd5 9. Bd3 Bd6 10. O-O O-O 11. Bd2 Re8 12. Rab1 Nf8 13. b4 a6 14. a4
Ne6 15. h4 h5 16. Rb2 Ng4 17. Qh3 Qf6 18. f3 Nf4 19. exf4 Qxd4+ 20. Kh1
Qxd3 21. fxg4 Qxf1+ 22. Kh2 Bxf4+ 23. g3 Qf2+ 24. Qg2 Bxd2 25. Rb1 Re1 26.
Rxe1 Qxe1 27. Kh3 Bxc3 28. b5 axb5 29. axb5 d4 0-1

[Event "Open Duras BVK FIDE"]
[Site "Brno CZE"]
[Date "2009.06.29"]
[Round "4"]
[White "Markovic,Iv CZE"]
[Black "Krupica,P"]
[Result "0-1"]
[WhiteElo "2194"]
[BlackElo "1955"]
[EventDate "2009.06.26"]

1. e4 c5 2. Nf3 d6 3. d4 cxd4 4. Nxd4 Nf6 5. Nc3 Nc6 6. g3 e6 7. Bg2 e5 8.
Nb3 Bg4 9. f3 Be6 10. Bg5 Be7 11. Bxf6 Bxf6 12. Nd5 Qd7 13. c3 Ne7 14.
Nxf6+ gxf6 15. O-O Rd8 16. Qd2 h5 17. Rfd1 h4 18. Qe3 b6 19. f4 hxg3 20.
hxg3 Bh3 21. f5 Bxg2 22. Kxg2 Nxf5 23. Qf3 Qc6 24. Kf1 Rh2 25. Rd2 Rf2+ 26.
Ke1 Nxg3 27. Qxg3 Ke7 28. Qf3 Rg8 29. Qxf2 Qxe4+ 0-1

[Event "Open Duras BVK FIDE"]
[Site "Brno CZE"]
[Date "2009.06.29"]
[Round "4"]
[White "Mouryc,T"]
[Black "Stanek,S"]
[Result "1-0"]
[WhiteElo "1992"]
[BlackElo "2075"]
[EventDate "2009.06.26"]

1. e4 e5 2. Nc3 c6 3. Bc4 Nf6 4. d4 Bb4 5. dxe5 Nxe4 6. Qd4 Bxc3+ 7. bxc3
d5 8. exd6 O-O 9. Bf4 Re8 10. Ne2 c5 11. Qd5 Nxc3 12. Qxf7+ Kh8 13. Bg5 Qd7
14. Qh5 Nxe2 15. Bxe2 Qe6 16. Be7 Bd7 17. O-O Nc6 18. Bd3 g6 19. Qxc5 Rac8
20. Bc4 Ne5 21. Bxe6 1-0

[Event "Open Duras BVK FIDE"]
[Site "Brno CZE"]
[Date "2009.06.29"]
[Round "4"]
[White "Zavadilova,K"]
[Black "Schuster,P"]
[Result "1/2-1/2"]
[WhiteElo "1713"]
[BlackElo "1918"]
[EventDate "2009.06.26"]

1. e4 c6 2. d4 d5 3. exd5 cxd5 4. c4 Nf6 5. Nc3 e6 6. Nf3 Bb4 7. Bg5 O-O 8.
Bd3 dxc4 9. Bxc4 Be7 10. O-O Nc6 11. Rc1 Nb4 12. Re1 Nbd5 13. Ne5 Nxc3 14.
bxc3 Nd5 15. Bxe7 Nxe7 16. Bb3 Nd5 17. Qd3 Nf6 18. Bc2 g6 19. Qf3 Kg7 20.
Rb1 Qd5 21. Qf4 Qxa2 22. Bb3 Qa5 23. Re3 Nd5 24. Bxd5 Qxd5 25. Rh3 h5 26.
g4 f6 27. gxh5 g5 28. h6+ Kh7 29. Qf3 Qxf3 30. Rxf3 b6 31. Ng4 Bb7 32. Rxf6
Rxf6 33. Nxf6+ Kxh6 34. Re1 Kg6 35. Rxe6 Kf7 36. Rd6 Bf3 37. Nh7 Ke7 38.
Rg6 g4 39. Ng5 Rc8 40. Nxf3 gxf3 41. Rg7+ Kd6 42. Rxa7 Rxc3 43. h3 b5 44.
Kh2 b4 45. Kg3 Kd5 46. Rb7 Kc4 47. h4 Rd3 48. h5 Rxd4 49. h6 Rd8 50. h7 b3
51. Kxf3 Kc3 52. Kg4 Kc2 53. Rc7+ Kd3 54. Kg5 b2 55. Rb7 Kc2 56. Rc7+ Kd2
57. Rb7 Kc2 58. Rc7+ Kb1 59. Kf6 1/2-1/2

[Event "Open Duras BVK FIDE"]
[Site "Brno CZE"]
[Date "2009.06.29"]
[Round "4"]
[White "Zemanek,J"]
[Black "Kosina,V"]
[Result "1/2-1/2"]
[WhiteElo "1846"]
[BlackElo "1905"]
[EventDate "2009.06.26"]

1. d4 d6 2. c4 c6 3. Nc3 g6 4. e4 Bg7 5. Be3 Nd7 6. Qd2 Nb6 7. h3 Be6 8. b3
Qc7 9. Nf3 h6 10. Be2 Nf6 11. Bf4 g5 12. Be3 Nh5 13. g4 Nf6 14. Rc1 Bd7 15.
c5 dxc5 16. dxc5 Nc8 17. Bd4 Be6 18. Be5 Qd7 19. Qc2 O-O 20. Rd1 Qe8 21.
Nd4 Nd7 22. Bxg7 Kxg7 23. b4 a6 24. O-O Na7 25. f4 gxf4 26. Rxf4 Nb5 27.
Ncxb5 axb5 28. Qb2 Nf6 29. h4 Qb8 30. Nxe6+ fxe6 31. Rdf1 Kg8 32. Bd1 Nh7
33. Rxf8+ Nxf8 34. Qf2 Qe8 35. h5 Nh7 36. Bb3 Ng5 37. Qf5 Kg7 38. Qe5+ Kh7
39. Bxe6 Nxe6 40. Qxe6 Kg7 41. e5 Rd8 42. Kg2 Rd4 43. Rf6 Rxb4 44. Rg6+ Kh7
45. Rxh6+ Kg7 46. Rg6+ Kh8 47. g5 Rf4 48. h6 Qf8 49. Qh3 Rf2+ 50. Kg1 Rxa2
51. Qe3 Ra1+ 52. Kh2 b4 53. e6 Ra2+ 54. Kg3 Ra3 55. Kh4 Qf4+ 1/2-1/2

[Event "Open Duras BVK FIDE"]
[Site "Brno CZE"]
[Date "2009.06.29"]
[Round "4"]
[White "Petruska,M"]
[Black "Zikan,K"]
[Result "1-0"]
[WhiteElo "1901"]
[BlackElo "1816"]
[EventDate "2009.06.26"]

1. e4 c6 2. d4 d5 3. e5 Bf5 4. g4 Be4 5. f3 Bg6 6. h4 h5 7. g5 e6 8. Bd3
Bxd3 9. Qxd3 Ne7 10. b4 Nf5 11. c3 b5 12. a4 a6 13. axb5 cxb5 14. Nd2 Nd7
15. Nb3 Nb6 16. Rxa6 Nc4 17. Rxa8 Qxa8 18. Rh2 Qa4 19. Qb1 Qa7 20. Ra2 Qb8
21. Qa1 Nb6 22. Ra6 Na4 23. Rxa4 bxa4 24. Qxa4+ Kd8 25. Na5 Qc7 26. Nc6+
Kd7 27. b5 Be7 28. Nxe7 Nxe7 29. b6+ Qc6 30. Qa7+ Kc8 31. b7+ 1-0